000 00747nam a2200205Ia 4500
005 20241216011247.0
008 190429s9999||||xx |||||||||||||| ||und||
082 _a622.23
_bB23
100 _aBARZOLA PRADO PAULO CESAR
245 0 _aOPTIMIZACION DE LA PERFORACION Y VOLADURA EN LOS FRENTES DE AVANCE PARA REDUCIR COSTOS EN LA MINERA AURIFERA RETAMAS S.A. (MARSA)
250 _a0
260 _aCERRO DE PASCO-PERU
_bUNDAC
_c2015
300 _a115 pag.
_c30 cm.
341 _h0
490 _v0
_a0
505 _aPROBLEMA DE INVESTIGACION,MARCO TEORICO,METODOLOGIA Y TECNICAS DE INVESTIGACION,GEOLOGIA Y MINERIA,PERFORACION Y VOLADURA EN FRENTE
541 _aD
_bBARZOLA PRADO PAULO CESAR
_d10-Jan-17
_oSoles
650 _aMinas
942 _cTESIS
999 _c37001
_d37001